| 000 | 01653nam2a22003011 4500 | ||
|---|---|---|---|
| 001 | v19\rc\1856413 | ||
| 005 | 20251118180136.9 | ||
| 035 | _a(NLR Aleph) 004950511 | ||
| 090 |
_a5877479 _c5877479 |
||
| 100 | _a20251123 rusy50 | ||
| 101 | 0 | _arus | |
| 102 | _aRU | ||
| 105 | _aa z ||||| | ||
| 200 | 0 | _a[1] | |
| 210 | _d1909 | ||
| 215 |
_a[2], 16 с. _cил. |
||
| 225 | 1 |
_a... _vВып. 1 |
|
| 311 | _aОтт. из "Изв. Бюро по с.-х. механике". Год 1, вып. 1, июнь 1909 г. | ||
| 461 | 0 |
_1001v19\rc\1856412 _12001#$aЗадачи, очерк развития, план организации и деятельности за 1908 год Елисаветградской станции$f[Соч.] В.И. Нагибина. [1-2]$v[1] _1700#1$aНагибин$bВ.И.$f1879-$gВладимир Иванович _95877471 _aНагибин, В.И. (1879-) _cСанкт-Петербург _d1909-1910 _f[Соч.] В.И. Нагибина. [1-2] _nтипо-лит. М.П. Фроловой _p2 т. _tЗадачи, очерк развития, план организации и деятельности за 1908 год Елисаветградской станции _v[1] |
|
| 488 | 0 |
_12001#$aИзвестия Бюро по сельскохозяйственной механике$v1909, июнь, год 1, вып. 1 _tИзвестия Бюро по сельскохозяйственной механике |
|
| 801 | 0 |
_aRU _bNLR _gpsbo |
|
| 801 | 0 |
_aRU _bRuMoRGB _2psbo |
|
| 801 | 1 |
_aRU _bProSoft-M _2rusmarc |
|
| 852 |
_aNLR _j34.87.1.350 |
||
| 899 |
_aRuMoRGB _jM 64/358 |
||
| 899 | _aБАН | ||
| 942 | _cBOOK | ||
| 980 | _aNB | ||